Vplyv problémov s použiteľnosťou na identifikáciu klúčových objektov na webe

Na minha lista:
Detalhes bibliográficos
Autor principal: Brandýs, Patrik (Author)
Outros Autores: Svrček, Martin (Thesis advisor)
Formato: Manuscrito Livro
Idioma:eslovaco
Publicado em: 2018
Assuntos:
Acesso em linha:http://is.stuba.sk/zp/portal_zp.pl?podrobnosti=122748
Tags: Adicionar Tag
Sem tags, seja o primeiro a adicionar uma tag!

MARC

LEADER 00000ntm a22000003a 4500
001 stuzp70215
003 SK-STU
005 20190222160226.4
007 ta
008 150427s2015----xo-----f-mn---000-0-slo-d
040 |a STU  |b slo 
041 0 |a slo 
044 |a xo 
100 1 |a Brandýs, Patrik  |u 070200  |4 aut  |U FIIT Fakulta informatiky a informačných technológií  |T FIIT Ústav informatiky, informačných systémov a softvérového inžinierstva  |X 79488  |U I200  |Y 179  |7 79488 
242 0 1 |a Impact of usability problems on identifying key objects on the web  |y eng 
245 1 0 |a Vplyv problémov s použiteľnosťou na identifikáciu klúčových objektov na webe 
260 |c 2018 
300 |a 52 s., príl., CD-rom 
650 4 |a použiteľnosť  |2 slo 
650 4 |a kľúčové objekty  |2 slo 
650 4 |a web  |2 slo 
650 4 |a usability  |2 eng 
650 4 |a key objects  |2 eng 
650 4 |a web  |2 eng 
700 1 |a Svrček, Martin  |u 070200  |k Z3  |4 ths  |U FIIT Fakulta informatiky a informačných technológií  |T FIIT Ústav informatiky, informačných systémov a softvérového inžinierstva  |X 46159  |U I200  |Y 179  |7 A000046159 
856 4 |u http://is.stuba.sk/zp/portal_zp.pl?podrobnosti=122748 
996 |b IZP20180097  |c I*BAP119/18  |l II680  |s P  |a 0  |w stuzp70215_0001